| 000 | 004810000a22001690004500 | ||
|---|---|---|---|
| 003 | MACL | ||
| 005 | 20151216172348.0 | ||
| 008 | 151216b xxu||||| |||| 00| 0 eng d | ||
| 040 |
_aMACL _cMACL |
||
| 041 | _aEnglish | ||
| 082 | _a030/CAV | ||
| 100 |
_aMarshall Cavendish Corporation _920640 |
||
| 245 |
_aEndangered Wildlife and Plants of the World _bVol 8 Pal Rab |
||
| 260 |
_bMarshall Cavendish Corporation _c2001 |
||
| 650 |
_aEncyclopaedia _920641 |
||
| 942 |
_cBK _k030/CAV _2ddc |
||
| 999 |
_c39938 _d39938 |
||